000 00744cam a22002775a 4500
001 E141240
008 000000s2007 xxk 000 0 eng u
035 _a(Sirsi) u141240
041 0 _aeng
050 0 4 _a333.33
110 2 _aCB Richard Ellis
_93675
245 0 0 _aMarket view: Scottish offices
_bfirst half 2007
260 _bCB Richard Ellis
_c2007
300 _a8p.
_bill.
_c30cm.
350 _a0
650 2 4 _aINVESTMENT
650 2 4 _aPROPERTY-COMMERCIAL PROPERTY-OFFICE PROPERTY-OFFICE PROPERTY MARKET
650 2 4 _aOFFICE RENTS
650 2 4 _aOFFICE SPACE
650 2 4 _aOFFICES
651 4 _aABERDEEN
651 4 _aEDINBURGH
651 4 _aGLASGOW
690 _aPROPERTY-COMMERCIAL PROPERTY-OFFICE PROPERTY
942 _n0
999 _c107617
_d107617